WWE Champions by Year - 2013 - Statistics

General Stats
  • This quiz has been taken 467 times
  • The average score is 20 of 23
Answer Stats
Title Date Event Wrestler % Correct
WWE Championship Apr 7 WrestleMania 29 John Cena
98%
World Heavyweight Oct 27 Hell in a Cell John Cena
98%
WWE Championship Aug 18 SummerSlam Randy Orton
97%
WWE Championship Oct 27 Hell in a Cell Randy Orton
97%
World Heavyweight Dec 15 TLC Randy Orton
97%
WWE Championship Aug 18 SummerSlam Daniel Bryan
94%
WWE Championship Sep 15 Night of Champions Daniel Bryan
94%
World Heavyweight Jan 11 Smackdown Alberto Del Rio
92%
World Heavyweight Jun 16 Payback Alberto Del Rio
92%
World Heavyweight Apr 8 Raw Dolph Ziggler
91%
WWE Championship Jan 27 Royal Rumble The Rock
91%
Intercontinental Apr 7 WrestleMania 29 (Kick-Off Show) The Miz
89%
Diva's Jun 16 Payback AJ Lee
86%
WWE Tag Team May 19 Extreme Rules Roman Reigns
86%
WWE Tag Team May 19 Extreme Rules Seth Rollins
86%
United States May 19 Extreme Rules Dean Ambrose
85%
WWE Tag Team Oct 14 Raw Cody Rhodes
82%
United States Apr 15 Raw Kofi Kingston
81%
WWE Tag Team Oct 14 Raw Goldust
79%
Intercontinental Apr 8 Raw Wade Barrett
76%
Intercontinental Nov 18 Raw Big E Langston
58%
Intercontinental Jun 16 Payback Curtis Axel
54%
Diva's Jan 14 Raw: 20th Anniversary Kaitlyn
51%
No matching quizzes found
Score Distribution
Percent of People with Each Score
Percentile by Number Answered
Your Score History
You have not taken this quiz